Responses for show #5095 - Friday, November 3, 2006

Contestants

[<< previous game]

Jane Toczek, a seller of antique prints and maps from Philadelphia, Pennsylvania

Cobra Becerra, a professor of landscape architecture from Whittier, California

Dave Meddish, an alternative print coordinator from Moscow, Idaho (whose 1-day cash winnings total $20,001)

[next game >>]

Jeopardy! Round responses

BUSINESS LEADERS
CONTROVERSIAL SPORTS CELEBS
COMMON BONDS
GIMME AN "H"
AUSSIE
HAIRY IT
    $200 26
(Donald) Trump

Dave
    $200 8
(Barry) Bonds

Dave
    $200 1
diamonds

Cobra
    $200 6
Haiti

Cobra
    $200 13
(Cobra: What is Tasmania?)

kangaroos

Cobra
Triple Stumper
    $200 16
an anteater

Dave
    $400 27
(Michael) Eisner

Cobra
    $400 9
Steinbrenner

Dave
    $400 2
pipes

Jane
    $400 7
(Jane: Who is Redjacket?)

Hiawatha

DaveJane
    $400 14
Sydney

Dave
    $400 17
a skunk

Dave
    $600 28
(Ross) Perot

Dave
    $600 10
Mike Tyson

Dave
    $600 3
(Dave: What are champagnes? ... [*]?)

champagne bottles

Dave
    $600 21
Herod (the Great)

Cobra
    $600 15
(Jane: What are acacias?)

eucalyptus trees

DaveJane
    $600 18
a guinea pig

Dave
    $800 29
(Alex: Lucky kids!)

Coca-Cola

Dave
    $800 11
(Bobby) Knight

Dave
    $800 4
[Laughter at Cobra's correct response]

snakes

Cobra
    $2,000 22
(Cobra: Who is Harding?)
...
(Alex: Following the death of Robert Kennedy.)

Hubert Humphrey

Cobra
    $800 24
horse racing

Triple Stumper
    $800 19
(Dave: What is a goat?)

a gorilla

DaveCobra
    $1000 30
Charles Schwab

Jane
    $1000 12
(Ron) Artest

Cobra
    $1000 5
bridges

Jane
    $1000 23
the Human Genome Project

Cobra
    $1000 25
the kookaburra

Dave
    $1000 20
a bighorn sheep

Jane

Scores at the first commercial break (after clue 15):

Dave Cobra Jane
$4,000 $2,000 $400

Scores at the end of the Jeopardy! Round:

Dave Cobra Jane
$7,000 $2,800 $2,400

Double Jeopardy! Round responses

SHAKESPEARE
HANGIN' WITH MY GNOMIES
(Alex: You have to name the century in...)
CENTURY OF THE TRIAL
MOSESES
BOOZE-A-PALOOZA
IDIOMS
    $400 17
the witch's cauldron

Cobra
    $400 11
Hansel & Gretel

Jane
    $400 16
(Cobra: What is the 20th century?)
(Jane: What is the 19th century?)
...
(Alex: Yes, it's a recent thing.)

the 21st century

DaveCobraJane
    $400 22
(Moses) Mendelssohn

Jane
    $400 2
proof

Dave
    $400 1
love

Dave
    $800 18
Ophelia

Dave
    $800 12
Tony Randall

Dave
    $800 23
the 19th century

Jane
    $800 30
Moses Malone

Dave
    $800 3
package stores

Jane
    $800 4
(Jane: What is a weather balloon?)
...
(Alex: [*]. Yes. Ballon
d'essai
.)

trial balloon

CobraJane
    $1200 19
play on

Dave
    $1200 13
Tom Bosley

Jane
    $1,500 24
(Alex: That's right, the 1600s in Salem, Massachusetts.)

the 17th century

Jane
    $1200 29
a farmer

Triple Stumper
    $1200 5
"The Star-Spangled Banner"

Dave
    $1200 8
ratchet

Dave
    $1600 20
Cassius

Dave
    $1600 14
Amélie

Dave
    $1600 25
the 20th century

Jane
    $1600 28
(Moses) Austin

Cobra
    $1600 6
(Jane: What is [*]? [Smiles] [Laughs]
BOOZE-A-PALOOZA for $2000, please.)
(Alex: Familiar with that, were you?)

beer

Jane
    $1600 9
(Cobra: What is pluck?)
(Alex: No. If you [*] on something. [*] on something.)

harp

Cobra
Triple Stumper
    $2000 21
(Cobra: What is a fait accompli?)

a foregone conclusion

Cobra
Triple Stumper
    $2000 15
The Gnome-Mobile

Dave
    $2000 26
(Jane: What is the 18th century?)

the 16th century

Jane
Triple Stumper
    $2000 27
(Cobra: Who is LaGuardia?)
(Alex: No. Remember we are dealing with MOSESES, and this is [*].)

Robert Moses

Cobra
Triple Stumper
    $2000 7
Bacardi

Cobra
    $2,200 10
(Dave: What is a crimp?)
(Alex: No. What is [*]? [*], yes, in the flue.)

a damper

Dave

Scores at the end of the Double Jeopardy! Round:

Dave Cobra Jane
$17,200 $1,600 $7,500
(lock game)

[wagering suggestions for these scores]

Final Jeopardy! Round responses

THE OSCARS
CobraWho is Clint Eastwood?
$1,600
JaneWho was ?
$7,499
DaveWho is Robert Wise?
$1,000
Clint Eastwood

Final scores:

Dave Cobra Jane
$16,200 $3,200 $1
2-day champion: $36,201 2nd place: $2,000 3rd place: $1,000

Game dynamics:

Coryat scores:

Dave Cobra Jane
$19,400 $3,600 $7,200
27 R,
2 W
(including 1 DD)
12 R,
6 W
(including 1 DD)
12 R
(including 1 DD),
5 W

Combined Coryat: $30,200

The J! Archive is created by fans, for fans. The Jeopardy! game show and all elements thereof, including but not limited to copyright and trademark thereto, are the property of Jeopardy Productions, Inc. and are protected under law. This website is not affiliated with, sponsored by, or operated by Jeopardy Productions, Inc. Join the discussion at JBoard.tv.